| 000 | 00619cam a2200205 4500500 | ||
|---|---|---|---|
| 005 | 20260405004102.0 | ||
| 041 | _afre | ||
| 042 | _adc | ||
| 100 | 1 | 0 |
_aLochmann, Arthur _eauthor |
| 245 | 0 | 0 | _aÉloge de la hache |
| 260 | _c2022. | ||
| 500 | _a69 | ||
| 690 | _aArbre | ||
| 690 | _aBois | ||
| 690 | _aNature | ||
| 690 | _aSavoir-faire | ||
| 690 | _aVégétal | ||
| 786 | 0 | _nPhilosophie magazine - Hors séries | Hors-série - Pritemps-été 2022 | HS53 | 2022-04-01 | p. 23-23 | 2104-9246 | |
| 856 | 4 | 1 | _uhttps://shs.cairn.info/magazine-philosophie-magazine-2022-3-6-page-23?lang=fr&redirect-ssocas=7080 |
| 999 |
_c2073581 _d2073581 |
||